1495 1939 1891 1694 1450 1557 1233 1969 1287 1084 1971 1193 1664 1021 1403 1252 1132 1053 1028 1738 1394 1096 1903 1895 1767 1716 1945 1724 1233 1880 1661 1535 1321 1816 1336 1830 1848 1358 1991 1940 1232 1493 1563 1786 1962 1433 1797 1416 1557 1469 1784 1624 1223 1381 1234 1971 1975 1644 1681 1334 1095 1265 1735 1010 1913 1184 1777 1327 1791 1214 1028 1492 1648 1542 1566 1971 1644 1553 1917 1670 1043 1526 1663 1821 1561 1478 1219 1593 1105 1195 1011 1332 1402 1033 1449 1148 1558 1313 1527 BCNSPRNW ULIB Ver.6.0+V

เปลี่ยนเป็นภาษาไทย

Change to English
 แสดงรายละเอียดบรรณานุกรม
  กลับหน้าหลัก

Brief Record : Get Marc (ISO 2709) : E-mail record : QR code < ปิดหน้าต่าง
LEADER : 00000nas 2200000uu 4500
001    13399113692
003     ULIB
008    020711s|||| th a 000 0 tha d
022    ^a08593477
110    ^aโน้ต พับลิชิ่ง
245    ^aทีวีพูล
260    ^aกรุงเทพฯ :^bโน้ต พับลิชิ่ง,^cม.ป.ป.
300    ^a118 หน้า
310    ^aรายสัปดาห์
850 ^a ULIB^bฉบับที่ 1125 ปีที่ 22
945    ^p25^l0^i900012
รายการนี้ยังไม่มีแท็ก
คุณยังไม่ได้ล็อกอิน คุณสามารถมีกิจกรรมร่วมกับเว็บไซต์ได้ แต่ต้องล็อกอินก่อน ::
  ล็อกอิน

รายการสื่อสารสนเทศ (วารสาร)

ดูแบบ: กล่อง รายการ
ARRIVED
ฉบับที่ 1125 ปีที่ 22
สถานที่: ห้องสมุดวิทยาเขตสวรรค์ประชารักษ์ >หนังสือทั่วไป
รายการใกล้เคียง
    ผู้แต่ง []

BibComment


ยังไม่เคยถูกคอมเมนท์

คอมเมนท์ทรัพยากรรายการนี้
  คอมเมนท์: ทีวีพูล


 Copyright 2026. Bcnsprnw @Library